The greatest love / (Record no. 6099)

MARC details
000 -LEADER
fixed length control field 00523nam a22002057a 4500
003 - CONTROL NUMBER IDENTIFIER
control field GBCCL
005 - DATE AND TIME OF LATEST TRANSACTION
control field 20241126110556.0
008 - FIXED-LENGTH DATA ELEMENTS--GENERAL INFORMATION
fixed length control field 180501b ||||| |||| 00| 0 eng d
040 ## - CATALOGING SOURCE
Transcribing agency gbc
082 ## - DEWEY DECIMAL CLASSIFICATION NUMBER
Classification number 248.83
Item number WHI
100 ## - MAIN ENTRY--PERSONAL NAME
Personal name White, E. G.
9 (RLIN) 10504
245 ## - TITLE STATEMENT
Title The greatest love /
Statement of responsibility, etc. E. G. White
247 ## -
-- Steps to Christ
250 ## - EDITION STATEMENT
Edition statement 7th printing
260 ## - PUBLICATION, DISTRIBUTION, ETC.
Place of publication, distribution, etc. Arizona:
Name of publisher, distributor, etc. Inspiration Books,
Date of publication, distribution, etc. 1981
300 ## - PHYSICAL DESCRIPTION
Extent 89 p.;
Dimensions 17 cm.
650 ## - SUBJECT ADDED ENTRY--TOPICAL TERM
Topical term or geographic name entry element Salvation
9 (RLIN) 452
650 ## - SUBJECT ADDED ENTRY--TOPICAL TERM
Topical term or geographic name entry element Christian life
9 (RLIN) 183
942 ## - ADDED ENTRY ELEMENTS (KOHA)
Source of classification or shelving scheme Dewey Decimal Classification
Koha item type Books
Koha issues (borrowed), all copies 2
Holdings
Withdrawn status Lost status Source of classification or shelving scheme Damaged status Not for loan Home library Current Library Shelving location Date acquired Total checkouts Full call number Barcode Date last seen Copy number Price effective from Koha item type Date last checked out
    Dewey Decimal Classification     GRACE BIBLE COLLEGE GRACE BIBLE COLLEGE Ministry & Mission 2018-05-01   248.83 WHI 005722 2025-05-01 c.1 2018-05-01 Books  
    Dewey Decimal Classification     GRACE BIBLE COLLEGE GRACE BIBLE COLLEGE Ministry & Mission 2018-05-01 2 248.83 WHI 009198 2025-05-01 c.2 2018-05-01 Books 2021-03-24
© Grace Bible College Library 2025